|
|
|
|
| LEADER |
01961nam a2200445 i 4500 |
| 001 |
EBC4000399 |
| 003 |
MiAaPQ |
| 005 |
20200520144314.0 |
| 006 |
m o d | |
| 007 |
cr cnu|||||||| |
| 008 |
151109t20152015enk ob 001 0 eng d |
| 020 |
|
|
|z 9781849465250
|
| 020 |
|
|
|a 9781509901388 (e-book)
|
| 035 |
|
|
|a (MiAaPQ)EBC4000399
|
| 035 |
|
|
|a (Au-PeEL)EBL4000399
|
| 035 |
|
|
|a (CaPaEBR)ebr11095801
|
| 035 |
|
|
|a (CaONFJC)MIL832402
|
| 035 |
|
|
|a (OCoLC)927488260
|
| 040 |
|
|
|a MiAaPQ
|b eng
|e rda
|e pn
|c MiAaPQ
|d MiAaPQ
|
| 050 |
|
4 |
|a HG1707.5
|b .C458 2015
|
| 082 |
0 |
|
|a 657.833
|2 23
|
| 100 |
1 |
|
|a Chiu, Iris H.-Y,
|e author.
|
| 245 |
1 |
0 |
|a Regulating (from) the inside :
|b the legal framework for internal control in banks and financial institutions /
|c Iris H -Y Chiu.
|
| 264 |
|
1 |
|a Oxford, [England] ;
|a Portland, Oregon :
|b Hart Publishing,
|c 2015.
|
| 264 |
|
4 |
|c 2015
|
| 300 |
|
|
|a 1 online resource (358 pages)
|
| 336 |
|
|
|a text
|2 rdacontent
|
| 337 |
|
|
|a computer
|2 rdamedia
|
| 338 |
|
|
|a online resource
|2 rdacarrier
|
| 504 |
|
|
|a Includes bibliographical references and index.
|
| 588 |
|
|
|a Description based on online resource; title from PDF title page (ebrary, viewed November 9, 2015).
|
| 590 |
|
|
|a Electronic reproduction. Ann Arbor, MI : ProQuest, 2015. Available via World Wide Web. Access may be limited to ProQuest affiliated libraries.
|
| 650 |
|
0 |
|a Bank examination.
|
| 650 |
|
0 |
|a Auditing, Internal.
|
| 650 |
|
0 |
|a Financial institutions
|x Risk management.
|
| 650 |
|
0 |
|a Banks and banking
|x Risk management.
|
| 655 |
|
4 |
|a Electronic books.
|
| 776 |
0 |
8 |
|i Print version:
|a Chiu, Iris H -Y.
|t Regulating (from) the inside : the legal framework for internal control in banks and financial institutions.
|d Oxford, [England] ; Portland, Oregon : Hart Publishing, c2015
|h xix, 335 pages
|z 9781849465250
|
| 797 |
2 |
|
|a ProQuest (Firm)
|
| 856 |
4 |
0 |
|u https://ebookcentral.proquest.com/lib/matrademy/detail.action?docID=4000399
|z Click to View
|